North American Game Fish - Statistics

General Stats
  • This quiz has been taken 22 times
  • The average score is 9 of 15
Answer Stats
Picture Hint Answer % Correct
Freshwater Black Bass (Largemouth - Smallmouth)
100%
Freshwater Trout
100%
Freshwater Catfish/Bullhead
90%
Freshwater Panfish (Bluegill - Sunfish)
85%
Freshwater Crappie
75%
Freshwater White Bass
75%
Saltwater Striped Bass
65%
Freshwater - Great Lakes Walleye or Sauger
65%
Saltwater Red Drum (Redfish)
55%
Freshwater - Great Lakes Salmon
50%
Saltwater Flatfish or Flounder
45%
Saltwater Sea Trout
30%
Saltwater Bluefish
25%
Freshwater - Great Lakes Steelhead
25%
Saltwater Salmon
10%
No matching quizzes found
Score Distribution
Percent of People with Each Score
Percentile by Number Answered
Your Score History
You have not taken this quiz